[Event "Registro Oliveira Memorial"]
[Site "Registro"]
[Date "2016.07.02"]
[Round "2"]
[White "Kikuchi Cadilhac, Mariana Sawae"]
[Black "Yanaguihara, Vitor Kioshi"]
[Result "0-1"]
[WhiteElo "1474"]
[BlackElo "1858"]
[PlyCount "50"]
[EventDate "2016.07.02"]
[EventType "swiss"]
[EventRounds "6"]
[EventCountry "BRA"]
[SourceTitle "EXT 2017"]
[Source "ChessBase"]
[SourceDate "2016.10.25"]
[SourceVersion "1"]
[SourceVersionDate "2016.10.25"]
[SourceQuality "1"]

1. e4 c5 2. Nc3 e6 3. g3 Nc6 4. Bg2 Rb8 5. d3 b5 6. f4 h5 7. Nf3 Be7 8. 0-0 h4 9. Qe1 hxg3 10. Qxg3 Nf6 11. Ne5 Nh5 12. Qg4 Nd4 13. Qd1 Bd6 14. Be3 Qc7 15. Nf3 Nxf4 16. e5 Bxe5 17. Nxe5 Nxg2 18. Kxg2 Bb7+ 19. Kg1 Qxe5 20. Bf4 Qf5 21. Bxb8 Qg5+ 22. Bg3 Qe3+ 23. Bf2 Nf3+ 24. Kg2 Rxh2+ 25. Kg3 Qg5# 0-1

[Event "Curitiba op"]
[Site "Curitiba"]
[Date "2016.04.23"]
[Round "5.25"]
[White "Yanaguihara, Vitor Kioshi"]
[Black "Lopes da Silva, Matheus"]
[Result "1/2-1/2"]
[WhiteElo "1859"]
[BlackElo "1618"]
[PlyCount "64"]
[EventDate "2016.04.21"]
[EventType "swiss"]
[EventRounds "7"]
[EventCountry "BRA"]
[SourceTitle "EXT 2022"]
[Source "ChessBase"]
[SourceDate "2021.10.06"]
[SourceVersion "1"]
[SourceVersionDate "2021.10.06"]
[SourceQuality "1"]

1. Nf3 d5 2. b3 Nf6 3. Bb2 b6 4. e3 e6 5. Bb5+ Bd7 6. Bxd7+ Nbxd7 7. 0-0 Be7 8. Nd4 Bd6 9. f4 c5 10. Nf3 0-0 11. Nc3 a6 12. Qe1 Re8 13. Qh4 Ne4 14. Nxe4 Qxh4 15. Nxh4 dxe4 16. g4 Rad8 17. Rf2 b5 18. Raf1 Nb6 19. f5 exf5 20. Nxf5 f6 21. g5 Be5 22. Bxe5 Rxe5 23. gxf6 gxf6 24. Nh6+ Kg7 25. Rxf6 Rg5+ 26. Kh1 Rg6 27. Rxg6+ hxg6 28. Ng4 Rxd2 29. Rf6 Nd5 30. Rxa6 Rxc2 31. a4 Rc3 32. axb5 Rxb3 1/2-1/2

[Event "Asuncion Semana Santa op"]
[Site "Asuncion"]
[Date "2016.03.27"]
[Round "7"]
[White "Yanaguihara, Vitor Kioshi"]
[Black "Heinechen, John"]
[Result "0-1"]
[WhiteElo "1829"]
[BlackElo "1933"]
[PlyCount "66"]
[EventDate "2016.03.24"]
[EventType "swiss"]
[EventRounds "7"]
[EventCountry "PAR"]
[SourceTitle "EXT 2017"]
[Source "ChessBase"]
[SourceDate "2016.10.25"]
[SourceVersion "1"]
[SourceVersionDate "2016.10.25"]
[SourceQuality "1"]

1. c4 Nf6 2. d3 g6 3. Nf3 Bg7 4. g3 d6 5. Nc3 0-0 6. Bg2 e5 7. 0-0 Nc6 8. Rb1 a5 9. a3 h6 10. b4 axb4 11. axb4 Be6 12. b5 Ne7 13. Qb3 Nd7 14. Ba3 f5 15. Nd2 Rb8 16. e3 f4 17. exf4 exf4 18. Rfe1 Bf7 19. Bh3 fxg3 20. hxg3 Nf5 21. Bxf5 gxf5 22. Ne2 Qg5 23. Nf3 Qg4 24. Nh2 Qg5 25. Bc1 Qf6 26. Bb2 Qg5 27. Nf3 Qh5 28. Bxg7 Kxg7 29. Qc3+ Kg8 30. Nh4 Rfe8 31. Nf4 Qg4 32. Nhg2 Nc5 33. f3 Qg5 0-1

[Event "Asuncion Semana Santa op"]
[Site "Asuncion"]
[Date "2016.03.25"]
[Round "3"]
[White "Yanaguihara, Vitor Kioshi"]
[Black "Ocampos, Luis"]
[Result "1-0"]
[WhiteElo "1829"]
[BlackElo "1542"]
[PlyCount "67"]
[EventDate "2016.03.24"]
[EventType "swiss"]
[EventRounds "7"]
[EventCountry "PAR"]
[SourceTitle "EXT 2017"]
[Source "ChessBase"]
[SourceDate "2016.10.25"]
[SourceVersion "1"]
[SourceVersionDate "2016.10.25"]
[SourceQuality "1"]

1. c4 g6 2. Nc3 Bg7 3. g3 d6 4. Bg2 c6 5. Nf3 Nf6 6. d3 e5 7. 0-0 0-0 8. Rb1 Nbd7 9. b4 Rb8 10. a4 a6 11. Nd2 Qc7 12. b5 cxb5 13. axb5 Nc5 14. Ba3 b6 15. bxa6 Bxa6 16. Nb5 Bxb5 17. Rxb5 Rfd8 18. Qc2 Bf8 19. Rfb1 d5 20. cxd5 Nxd5 21. Nc4 Qa7 22. h4 Nc7 23. Rxb6 Rxb6 24. Rxb6 N7e6 25. Bb2 Nd4 26. Bxd4 Rxd4 27. Rb2 f6 28. Ra2 Qc7 29. Ra8 e4 30. Qc3 Ne6 31. Bxe4 f5 32. Bg2 Rd7 33. Qf6 Rg7 34. Bd5 1-0

[Event "Asuncion Semana Santa op"]
[Site "Asuncion"]
[Date "2016.03.25"]
[Round "4"]
[White "Yanaguihara, Vitor Kioshi"]
[Black "Sanchez Morel, Araceli"]
[Result "1-0"]
[WhiteElo "1829"]
[BlackElo "1265"]
[PlyCount "95"]
[EventDate "2016.03.24"]
[EventType "swiss"]
[EventRounds "7"]
[EventCountry "PAR"]
[SourceTitle "EXT 2017"]
[Source "ChessBase"]
[SourceDate "2016.10.25"]
[SourceVersion "1"]
[SourceVersionDate "2016.10.25"]
[SourceQuality "1"]

1. c4 Nf6 2. Nc3 e6 3. Nf3 d5 4. e3 Be7 5. d4 0-0 6. cxd5 exd5 7. Bd3 Nbd7 8. Bd2 c5 9. 0-0 cxd4 10. Nxd4 b6 11. Nxd5 Nxd5 12. Nc6 Qe8 13. e4 Nc5 14. exd5 Nxd3 15. Qe2 Bb7 16. Nxe7+ Kh8 17. Qxd3 Qxe7 18. d6 Qd7 19. Bc3 a5 20. Qd4 f6 21. Rfe1 Qc6 22. f3 Qc5 23. Qxc5 bxc5 24. Re7 Bc6 25. Rc7 Rac8 26. Bxa5 Rxc7 27. Bxc7 Kg8 28. Re1 Re8 29. Rxe8+ Bxe8 30. Kf2 Kf7 31. Ke3 Ke6 32. Kd3 Kd5 33. Kc3 Bd7 34. b3 h5 35. a4 Kc6 36. b4 cxb4+ 37. Kxb4 Kb7 38. Bd8 Kc6 39. Bc7 Kb7 40. a5 g5 41. Bd8 g4 42. Bxf6 gxf3 43. gxf3 Kc6 44. Be7 Kb7 45. Kc5 Ka6 46. Bd8 Kb7 47. f4 Ka6 48. Kd5 1-0

[Event "Santa Catarina-ch sf1"]
[Site "Sao Bento do Sul"]
[Date "2016.03.04"]
[Round "2"]
[White "Yanaguihara, Vitor Kioshi"]
[Black "Zini, Jhone Marcelo"]
[Result "1-0"]
[WhiteElo "1829"]
[BlackElo "2088"]
[PlyCount "127"]
[EventDate "2016.03.04"]
[EventType "swiss"]
[EventRounds "6"]
[EventCountry "BRA"]
[SourceTitle "EXT 2018"]
[Source "ChessBase"]
[SourceDate "2017.10.13"]
[SourceVersion "1"]
[SourceVersionDate "2017.10.13"]
[SourceQuality "1"]

1. c4 Nf6 2. Nf3 d6 3. Nc3 g6 4. g3 Bg7 5. Bg2 e5 6. d3 0-0 7. 0-0 c6 8. Rb1 Nbd7 9. b4 a5 10. b5 Nc5 11. Ba3 Ne6 12. bxc6 bxc6 13. Na4 Qc7 14. Nd2 Ba6 15. Rb6 Nd8 16. Ne4 Ne8 17. Qb3 Kh8 18. Rb1 f5 19. Nec3 Nf6 20. Rb8 Ra7 21. Qb6 Qxb6 22. Nxb6 c5 23. Nc8 Bxc8 24. Rxc8 Ne6 25. Rc6 Rd8 26. Rbb6 Rad7 27. Nb5 Ne8 28. Ra6 Nd4 29. Nxd4 exd4 30. Rxa5 Rb7 31. Rb5 Ra7 32. Rb3 Nf6 33. Rxd6 Nd7 34. Bxc5 Be5 35. Bxa7 Bxd6 36. Bxd4+ Kg8 37. Bd5+ Kf8 38. Rb7 Be7 39. a4 Nc5 40. Bxc5 Bxc5 41. a5 Rd6 42. Rc7 Bb6 43. Rc6 Rxc6 44. Bxc6 Bxa5 45. Kg2 Ke7 46. Kf3 Kd6 47. Bd5 h6 48. h3 g5 49. d4 Bb4 50. g4 f4 51. e4 Bc3 52. e5+ Kd7 53. Ke4 Be1 54. f3 Bc3 55. Bf7 Ke7 56. Bg6 Be1 57. Kd5 Bc3 58. c5 Ba5 59. Bf5 Bc3 60. c6 Kd8 61. Kd6 Bb4+ 62. Ke6 Kc7 63. d5 Bc3 64. Be4 1-0

[Event "Baeta Neves op 3rd"]
[Site "Baeta Neves"]
[Date "2015.09.25"]
[Round "4"]
[White "Yanaguihara, Vitor Kioshi"]
[Black "Rodrigues, Raquel Vieira"]
[Result "1/2-1/2"]
[WhiteElo "1843"]
[BlackElo "1549"]
[PlyCount "90"]
[EventDate "2015.09.24"]
[EventType "swiss"]
[EventRounds "6"]
[EventCountry "BRA"]
[SourceTitle "EXT 2016"]
[Source "ChessBase"]
[SourceDate "2015.10.08"]
[SourceVersion "1"]
[SourceVersionDate "2015.10.08"]
[SourceQuality "1"]

1. c4 c6 2. Nc3 Nf6 3. e4 e5 4. Nf3 Qc7 5. a3 Bc5 6. Qc2 Ng4 7. Nd1 d5 8. b4 Bd6 9. cxd5 cxd5 10. Qxc7 Bxc7 11. exd5 0-0 12. h3 Nf6 13. Bc4 Bd6 14. Bb2 Nbd7 15. Ne3 a6 16. Nf5 Bc7 17. d6 Nb6 18. Ne7+ Kh8 19. Nxc8 Nxc4 20. dxc7 Raxc8 21. Bxe5 Rfe8 22. d4 Nd7 23. 0-0 Ncxe5 24. Nxe5 Nxe5 25. dxe5 Rxc7 26. Rac1 Rce7 27. f4 g6 28. Rc5 Rd8 29. Rfc1 Rdd7 30. R1c2 Kg7 31. Kf2 g5 32. Ke3 f6 33. Ke4 fxe5 34. fxe5 Rd1 35. R5c3 Re1+ 36. Kf3 R1xe5 37. Rc7 Rf5+ 38. Kg3 Rff7 39. Rxe7 Rxe7 40. Rc3 Rd7 41. Kf3 Kf6 42. h4 Re7 43. Rd3 Re6 44. Rd7 b5 45. Rd3 Rb6 1/2-1/2

[Event "Sao Paulo op-B 3rd"]
[Site "Sao Paulo"]
[Date "2015.09.20"]
[Round "5"]
[White "Yanaguihara, Vitor Kioshi"]
[Black "Dos Reis, Leandro Aparecido C"]
[Result "0-1"]
[WhiteElo "1843"]
[BlackElo "1931"]
[PlyCount "130"]
[EventDate "2015.09.17"]
[EventType "swiss"]
[EventRounds "6"]
[EventCountry "BRA"]
[SourceTitle "EXT 2016"]
[Source "ChessBase"]
[SourceDate "2015.10.08"]
[SourceVersion "1"]
[SourceVersionDate "2015.10.08"]
[SourceQuality "1"]

1. c4 Nf6 2. Nf3 e6 3. Nc3 d5 4. e3 Be7 5. d4 0-0 6. Bd3 b6 7. 0-0 Bb7 8. b3 c5 9. Bb2 Nc6 10. a3 Rc8 11. dxc5 bxc5 12. cxd5 exd5 13. Bf5 Rb8 14. Qc2 g6 15. Bd3 Rc8 16. Ne2 c4 17. bxc4 dxc4 18. Be4 Re8 19. Rad1 Qb6 20. Bxf6 Bxf6 21. Rb1 Qa6 22. Rfd1 Ba8 23. Rd6 Be7 24. Rd7 Qxa3 25. Qc3 Qxc3 26. Nxc3 Bf6 27. Nd5 Bg7 28. Bc2 Red8 29. Rxd8+ Rxd8 30. Nc7 Ne5 31. Nxe5 Bxe5 32. Nxa8 Rxa8 33. Kf1 a5 34. Rb5 Bf6 35. Ba4 Be7 36. Ke2 Bb4 37. Rd5 Rc8 38. Kd1 Rc5 39. Rxc5 Bxc5 40. Ke2 Kf8 41. f3 Ke7 42. e4 Kd6 43. Bb5 c3 44. Kd3 Bb4 45. f4 f6 46. g4 g5 47. fxg5 fxg5 48. Ba4 Ke5 49. Ke3 Bd6 50. Bc2 Ke6 51. h3 Be5 52. Kd3 Kd6 53. Kc4 Bf6 54. e5+ Kxe5 55. Bxh7 Kf4 56. Kb5 Ke3 57. Kc4 Kd2 58. Kb3 a4+ 59. Kxa4 c2 60. Bxc2 Kxc2 61. Kb4 Kd3 62. Kc5 Ke4 63. Kd6 Kf3 64. Ke6 Bd8 65. Kf5 Kg3 0-1

[Event "Sao Paulo Hebraica 12th"]
[Site "Sao Paulo"]
[Date "2015.08.19"]
[Round "7.5"]
[White "Silva, Vinicius Parente"]
[Black "Yanaguihara, Vitor Kioshi"]
[Result "0-1"]
[WhiteElo "1854"]
[BlackElo "1846"]
[PlyCount "105"]
[EventDate "2015.08.15"]
[EventType "tourn"]
[EventRounds "9"]
[EventCountry "BRA"]
[SourceTitle "EXT 2022"]
[Source "ChessBase"]
[SourceDate "2021.10.06"]
[SourceVersion "1"]
[SourceVersionDate "2021.10.06"]
[SourceQuality "1"]

1. e4 c5 2. Nc3 g6 3. g3 Bg7 4. Bg2 a6 5. d3 Nc6 6. f4 d6 7. Nf3 Qc7 8. 0-0 Nf6 9. h3 0-0 10. Be3 b5 11. a3 Rb8 12. g4 Nd7 13. f5 Nb6 14. Qe1 b4 15. axb4 cxb4 16. Ne2 Bxb2 17. Qh4 Bf6 18. Ng5 Bxg5 19. Qxg5 Ne5 20. Qh6 f6 21. fxg6 Nxg6 22. Ng3 Rf7 23. g5 Qd8 24. gxf6 exf6 25. Nh5 Nd7 26. Bd4 Nge5 27. Bxe5 dxe5 28. Rf3 Qf8 29. Rg3+ Kh8 30. Qd2 f5 31. Rf1 Qc5+ 32. Kh2 f4 33. Rg5 Qe7 34. Rf5 Rxf5 35. exf5 Qg5 36. Bf3 Qxf5 37. Rg1 Nf8 38. Qg2 Ng6 39. Bg4 Qf7 40. Bf3 Nh4 41. Qf2 Nxf3+ 42. Qxf3 Bb7 43. Qe2 Qe6 44. Nxf4 Qf5 45. Nh5 Bf3 46. Rf1 Bxh5 47. Qg2 Qg6 48. Qd5 Qg7 49. Rf5 Rg8 50. Qxe5 Qxe5+ 51. Rxe5 Bd1 52. Ra5 Rg6 53. Ra4 0-1

[Event "Sao Paulo Hebraica 12th"]
[Site "Sao Paulo"]
[Date "2015.08.18"]
[Round "6.2"]
[White "Yanaguihara, Vitor Kioshi"]
[Black "Pereira, Jorge Luiz Rodrigue"]
[Result "0-1"]
[WhiteElo "1846"]
[BlackElo "1852"]
[PlyCount "78"]
[EventDate "2015.08.15"]
[EventType "tourn"]
[EventRounds "9"]
[EventCountry "BRA"]
[SourceTitle "EXT 2022"]
[Source "ChessBase"]
[SourceDate "2021.10.06"]
[SourceVersion "1"]
[SourceVersionDate "2021.10.06"]
[SourceQuality "1"]

1. e4 c5 2. b3 e6 3. Bb2 d5 4. exd5 exd5 5. Nc3 Nf6 6. d4 Nc6 7. dxc5 Bxc5 8. Qe2+ Be6 9. 0-0-0 0-0 10. Nf3 Bg4 11. h3 Re8 12. Qd3 Bh5 13. Nxd5 Nxd5 14. Qf5 Bxf3 15. gxf3 Ne3 16. Rxd8 Nxf5 17. Rd5 Rad8 18. Rxd8 Rxd8 19. Bd3 Nfe7 20. Rg1 Bd4 21. Ba3 Bxf2 22. Rg2 Be3+ 23. Kd1 Nd5 24. Bb2 Bd4 25. Bc1 Ne3+ 26. Bxe3 Bxe3 27. Ke2 Bd4 28. f4 Nb4 29. a4 Nxd3 30. Kxd3 Bf6+ 31. Ke4 Kf8 32. Kf5 Rd5+ 33. Ke4 Rd4+ 34. Kf5 Ke7 35. Re2+ Kd7 36. Rg2 Rd5+ 37. Ke4 Ke6 38. Re2 Rd4+ 39. Ke3 Kf5 0-1

[Event "Sao Paulo Hebraica 12th"]
[Site "Sao Paulo"]
[Date "2015.08.15"]
[Round "1.2"]
[White "Luz, Arthur Nader"]
[Black "Yanaguihara, Vitor Kioshi"]
[Result "1-0"]
[WhiteElo "1976"]
[BlackElo "1846"]
[PlyCount "95"]
[EventDate "2015.08.15"]
[EventType "tourn"]
[EventRounds "9"]
[EventCountry "BRA"]
[SourceTitle "EXT 2022"]
[Source "ChessBase"]
[SourceDate "2021.10.06"]
[SourceVersion "1"]
[SourceVersionDate "2021.10.06"]
[SourceQuality "1"]

1. e4 e5 2. Nf3 Nf6 3. Nxe5 d6 4. Nd3 Nxe4 5. Nc3 Nxc3 6. dxc3 Be7 7. Bf4 Nc6 8. Qd2 Be6 9. Be2 Qd7 10. Bf3 Bg4 11. Qe2 Bxf3 12. Qxf3 0-0-0 13. 0-0-0 Qf5 14. g4 Qb5 15. g5 Kb8 16. h4 a5 17. Be3 Rhf8 18. Qe4 g6 19. a4 Qa6 20. h5 Rde8 21. Qg4 Bd8 22. Rde1 Ne5 23. Nxe5 Rxe5 24. Bd2 Qc6 25. Rxe5 Qxh1+ 26. Re1 Qxh5 27. Qxh5 gxh5 28. Rh1 f6 29. gxf6 Rxf6 30. Bg5 Rf8 31. Bxd8 Rxd8 32. Rxh5 Rf8 33. Rh2 Rf7 34. Kd2 Kc8 35. Ke3 Kd7 36. f4 c6 37. Rh5 b6 38. f5 d5 39. Kf4 Kd6 40. Rh6+ Kd7 41. Kg5 Re7 42. f6 Rf7 43. Kf5 Kd6 44. Rh2 Rc7 45. Rg2 Rc8 46. Rg7 Rh8 47. f7 Ke7 48. Rg8 1-0

[Event "Sao Bento do Sul op 4th"]
[Site "Sao Bento do Sul"]
[Date "2015.06.06"]
[Round "4"]
[White "Yanaguihara, Vitor Kioshi"]
[Black "De Souza, Camila dos Santos"]
[Result "0-1"]
[WhiteElo "1784"]
[BlackElo "1903"]
[PlyCount "62"]
[EventDate "2015.06.05"]
[EventType "swiss"]
[EventRounds "6"]
[EventCountry "BRA"]
[SourceTitle "EXT 2017"]
[Source "ChessBase"]
[SourceDate "2016.10.25"]
[SourceVersion "1"]
[SourceVersionDate "2016.10.25"]
[SourceQuality "1"]

1. c4 c5 2. Nc3 Nc6 3. g3 g6 4. Bg2 Bg7 5. Nf3 e5 6. d3 Nge7 7. e4 d6 8. h3 f5 9. a3 0-0 10. 0-0 h6 11. Rb1 a5 12. Nd5 Nxd5 13. cxd5 Ne7 14. a4 b5 15. axb5 Bd7 16. Re1 Bxb5 17. Bd2 Qc8 18. Bc3 Qa6 19. Bf1 Rf7 20. Ra1 a4 21. Be2 Raf8 22. exf5 Rxf5 23. g4 R5f7 24. Ra3 Nxd5 25. Bd2 Nb4 26. Bc1 e4 27. Nh4 exd3 28. Bf1 Rxf2 29. Nxg6 Bd4 30. Be3 Bxe3 31. Nxf8 Re2+ 0-1

[Event "Sao Paulo op-B 2nd"]
[Site "Sao Paulo"]
[Date "2015.02.08"]
[Round "5"]
[White "De Souza, Elana Silva"]
[Black "Yanaguihara, Vitor Kioshi"]
[Result "0-1"]
[WhiteElo "1538"]
[BlackElo "1768"]
[PlyCount "82"]
[EventDate "2015.02.05"]
[EventType "swiss"]
[EventRounds "6"]
[EventCountry "BRA"]
[SourceTitle "CBM 164 Extra"]
[Source "ChessBase"]
[SourceDate "2015.03.02"]
[SourceVersion "1"]
[SourceVersionDate "2015.03.02"]
[SourceQuality "1"]

1. e4 c5 2. Nf3 d6 3. d4 cxd4 4. c3 dxc3 5. Nxc3 Bg4 6. Bc4 Nc6 7. Bxf7+ Kxf7 8. Ng5+ Ke8 9. Qxg4 Nf6 10. Qd1 h6 11. Nf3 g5 12. 0-0 Bg7 13. Nd5 Kf7 14. Nxf6 Bxf6 15. Qb3+ Kg7 16. Qxb7 Na5 17. Qd5 Rc8 18. Nd4 Qb6 19. Ne6+ Kg6 20. Qf5+ Kf7 21. Bd2 Nc4 22. Bc3 Ne5 23. Nd4 Qb7 24. Qe6+ Kg6 25. Qf5+ Kf7 26. Qe6+ Kg6 27. Qf5+ Kg7 28. f4 gxf4 29. Rxf4 Qb6 30. Kh1 Rhg8 31. Ne6+ Kf7 32. Bxe5 dxe5 33. Qxe5 Qxe6 34. Qh5+ Kg7 35. Raf1 Kh7 36. h4 Rc2 37. g4 Rgc8 38. R4f3 Rc1 39. Kg1 Rxf1+ 40. Rxf1 Bd4+ 41. Kh1 Qxe4+ 0-1

[Event "Sao Paulo op-B 2nd"]
[Site "Sao Paulo"]
[Date "2015.02.06"]
[Round "2"]
[White "Yanaguihara, Vitor Kioshi"]
[Black "Goncalves, Leonardo Yamamoto"]
[Result "1/2-1/2"]
[WhiteElo "1768"]
[BlackElo "1957"]
[PlyCount "276"]
[EventDate "2015.02.05"]
[EventType "swiss"]
[EventRounds "6"]
[EventCountry "BRA"]
[SourceTitle "CBM 164 Extra"]
[Source "ChessBase"]
[SourceDate "2015.03.02"]
[SourceVersion "1"]
[SourceVersionDate "2015.03.02"]
[SourceQuality "1"]

1. c4 e5 2. Nc3 Nf6 3. g3 Be7 4. Bg2 0-0 5. Nf3 d6 6. 0-0 c6 7. d3 Re8 8. Rb1 Bf8 9. Bg5 h6 10. Bxf6 Qxf6 11. Qa4 Nd7 12. b4 Nb6 13. Qb3 Be6 14. Nd2 Qd8 15. a4 d5 16. cxd5 cxd5 17. Qd1 Rc8 18. Nb5 a6 19. Na3 Qd7 20. a5 Na4 21. Qb3 Nc3 22. Rbe1 Qa4 23. Nc2 d4 24. Qxa4 Nxa4 25. Rc1 Nc3 26. Rce1 Nxe2+ 27. Rxe2 Rxc2 28. Bxb7 Bxb4 29. Rd1 Bxa5 30. Bxa6 Bg4 31. f3 Bxf3 32. Nxf3 Rxe2 33. Kf1 Rb2 34. Bc4 Bc3 35. Bd5 Re7 36. h3 Kh7 37. g4 g6 38. Be4 Ra2 39. h4 Ra1 40. Rxa1 Bxa1 41. h5 Kg7 42. hxg6 fxg6 43. Nh4 Re6 44. Ke2 Bc3 45. Kf3 Be1 46. Ng2 Rf6+ 47. Ke2 Bg3 48. Bf3 Bf4 49. Nh4 Bg5 50. Ng2 Rb6 51. Be4 Rb2+ 52. Kf3 Rd2 53. Kg3 Kf6 54. Kf3 Ra2 55. Kg3 Bf4+ 56. Kf3 Kg5 57. Bd5 Be3 58. Bxa2 Bd2 59. Be6 Ba5 60. Ke4 Bc7 61. Ne1 Kf6 62. Bd7 h5 63. gxh5 gxh5 64. Nf3 Bd6 65. Be8 Bc7 66. Bxh5 Bd6 67. Bg4 Bb8 68. Kd5 Bc7 69. Nd2 Kg5 70. Bf3 Kf4 71. Be4 Ba5 72. Nb3 Bb6 73. Nc5 Ba5 74. Ne6+ Ke3 75. Kxe5 Bc3 76. Kd5 Bb2 77. Kc4 Ba3 78. Nxd4 Kf4 79. Kd5 Bb2 80. Ne6+ Ke3 81. Nc5 Bg7 82. Na4 Bh8 83. Kc4 Bg7 84. Nc3 Bh8 85. Nd5+ Kd2 86. d4 Bxd4 87. Kxd4 Kc1 88. Nb4 Kb2 89. Kc4 Ka1 90. Nd3 Ka2 91. Kc3 Ka1 92. Ne5 Ka2 93. Nc4 Ka1 94. Bc2 Ka2 95. Bb3+ Ka1 96. Nb2 Kb1 97. Nd3 Ka1 98. Bc4 Kb1 99. Nb4 Ka1 100. Bb3 Kb1 101. Bc2+ Ka1 102. Ba4 Kb1 103. Nc2 Ka2 104. Bb3+ Kb1 105. Na3+ Ka1 106. Nb5 Kb1 107. Bc2+ Ka1 108. Be4 Ka2 109. Kc2 Ka1 110. Nd4 Ka2 111. Nb3 Ka3 112. Kc3 Ka2 113. Bd3 Ka3 114. Nc1 Ka4 115. Bc4 Ka3 116. Nd3 Ka4 117. Nc5+ Ka3 118. Nb7 Ka4 119. Bb3+ Kb5 120. Nd6+ Kc6 121. Ne4 Kd7 122. Kd4 Ke7 123. Ke5 Ke8 124. Be6 Ke7 125. Nf6 Kf8 126. Nh5 Ke7 127. Ng7 Kf8 128. Nf5 Ke8 129. Kd6 Kf8 130. Bd5 Ke8 131. Nd4 Kf8 132. Ne6+ Kg8 133. Ke5 Kf7 134. Ng5+ Kg7 135. Kf5 Kh8 136. Ne4 Kg7 137. Be6 Kh8 138. Kf6 Kh7 1/2-1/2

[Event "Curitiba Terzian Memorial op"]
[Site "Curitiba"]
[Date "2014.11.02"]
[Round "5"]
[White "Yanaguihara, Vitor Kioshi"]
[Black "Benedito da Silva, Rodrigo"]
[Result "1-0"]
[WhiteElo "1799"]
[BlackElo "1866"]
[PlyCount "121"]
[EventDate "2014.10.31"]
[EventType "swiss"]
[EventRounds "6"]
[EventCountry "BRA"]
[SourceTitle "EXT 2015"]
[Source "ChessBase"]
[SourceDate "2014.11.20"]
[SourceVersion "1"]
[SourceVersionDate "2014.11.20"]
[SourceQuality "1"]

1. c4 g6 2. Nc3 Bg7 3. g3 f5 4. Bg2 Nf6 5. d3 0-0 6. Bf4 d6 7. Qd2 e5 8. Bh6 c6 9. Bxg7 Kxg7 10. Nf3 Qe7 11. 0-0 a5 12. a3 d5 13. Na4 Nbd7 14. cxd5 cxd5 15. Rac1 b5 16. Nc3 b4 17. Nb5 Rb8 18. a4 Bb7 19. d4 e4 20. Nh4 h6 21. Bh3 Ng4 22. Qf4 Rbc8 23. Rxc8 Bxc8 24. Nd6 Qg5 25. Qc1 Qd8 26. Qc6 Ndf6 27. Bxg4 fxg4 28. Rc1 Be6 29. Qb7+ Bf7 30. Nb5 Ne8 31. Rc6 Nf6 32. Rd6 Qe8 33. Nc7 Qc8 34. Ne6+ Kg8 35. Qe7 Bxe6 36. Nxg6 Rf7 37. Qxe6 Qxe6 38. Rxe6 Kg7 39. Ne5 Rc7 40. Rc6 Ra7 41. Rc5 h5 42. Nc6 Ra6 43. Nxa5 e3 44. fxe3 Re6 45. Nc6 Rxe3 46. Kf1 Rb3 47. Rc2 Re3 48. Nxb4 Kg6 49. a5 Rb3 50. Nc6 Kf5 51. a6 Rb6 52. a7 Ra6 53. b4 Ra1+ 54. Kg2 h4 55. gxh4 Nh5 56. Na5 Nf4+ 57. Kf2 Nh3+ 58. Ke3 Ra3+ 59. Kd2 Nf2 60. a8Q Ne4+ 61. Kc1 1-0

[Event "Joinville op 2nd"]
[Site "Joinville"]
[Date "2014.05.03"]
[Round "5"]
[White "Caetano, Hugo Zanotti Mendon"]
[Black "Yanaguihara, Vitor Kioshi"]
[Result "1-0"]
[WhiteElo "2178"]
[BlackElo "1777"]
[PlyCount "47"]
[EventDate "2014.05.01"]
[EventType "swiss"]
[EventRounds "7"]
[EventCountry "BRA"]
[SourceTitle "EXT 2015"]
[Source "ChessBase"]
[SourceDate "2014.11.20"]
[SourceVersion "1"]
[SourceVersionDate "2014.11.20"]
[SourceQuality "1"]

1. d4 Nf6 2. c4 e5 3. dxe5 Ng4 4. Nf3 Nc6 5. e3 Ngxe5 6. Nxe5 Nxe5 7. Be2 Bb4+ 8. Bd2 Bxd2+ 9. Qxd2 0-0 10. Nc3 d6 11. 0-0 b6 12. f4 Ng6 13. Bf3 Rb8 14. Bd5 Bb7 15. f5 Ne5 16. Bxb7 Rxb7 17. f6 Nxc4 18. Qd5 Qe8 19. Qxb7 Qxe3+ 20. Kh1 Nd2 21. Rfe1 Qg5 22. Qd5 gxf6 23. Qxg5+ fxg5 24. b3 1-0

[Event "Santa Catarina State-ch sf2 60th"]
[Site "Sao Bento do Sul"]
[Date "2014.04.06"]
[Round "6"]
[White "Yanaguihara, Vitor Kioshi"]
[Black "Delgado Ramirez, Neuris"]
[Result "0-1"]
[WhiteElo "1758"]
[BlackElo "2585"]
[PlyCount "66"]
[EventDate "2014.04.04"]
[EventType "swiss"]
[EventRounds "6"]
[EventCountry "BRA"]
[SourceTitle "CBM 160 Extra"]
[Source "ChessBase"]
[SourceDate "2014.07.01"]
[SourceVersion "1"]
[SourceVersionDate "2014.07.01"]
[SourceQuality "1"]

1. c4 e6 2. Nf3 Nf6 3. g3 a6 4. Bg2 b5 5. Nd4 c6 6. cxb5 axb5 7. Nxb5 cxb5 8. Bxa8 d5 9. Qc2 Bd7 10. a4 Qa5 11. Bb7 b4 12. Bc8 Bc6 13. 0-0 Bd6 14. d3 0-0 15. Bxe6 fxe6 16. Bg5 Ng4 17. d4 Qa7 18. e3 Qf7 19. h3 Nf6 20. Bxf6 Qxf6 21. Qe2 e5 22. Rd1 Bd7 23. Kg2 exd4 24. Rxd4 Nc6 25. Rd1 Qe6 26. Rh1 Ne5 27. Nd2 Bc6 28. a5 d4+ 29. e4 Bc5 30. f4 d3 31. Qh5 Be3 32. Nf3 Nxf3 33. Kxf3 Qxe4+ 0-1

[Event "Curitiba CC 76 Anniversary"]
[Site "Curitiba"]
[Date "2014.02.02"]
[Round "6"]
[White "Yanaguihara, Vitor Kioshi"]
[Black "Quintiliano Moura, Paulo Henrique"]
[Result "1-0"]
[WhiteElo "1748"]
[BlackElo "1916"]
[PlyCount "99"]
[EventDate "2014.01.31"]
[EventType "swiss"]
[EventRounds "6"]
[EventCountry "BRA"]
[SourceTitle "CBM 158 Extra"]
[Source "ChessBase"]
[SourceDate "2014.02.28"]
[SourceVersion "1"]
[SourceVersionDate "2014.02.28"]
[SourceQuality "1"]

1. c4 Nf6 2. Nc3 e6 3. g3 d5 4. cxd5 exd5 5. d3 c6 6. Bg2 Bb4 7. Bd2 0-0 8. a3 Ba5 9. Nf3 Bg4 10. 0-0 Nbd7 11. Re1 Re8 12. Rb1 Bc7 13. b4 Ne5 14. Nxe5 Bxe5 15. a4 Qc8 16. Rc1 Qf5 17. b5 Bd4 18. Bf4 Re6 19. Qd2 Bh3 20. Nd1 Bxg2 21. Kxg2 Rae8 22. Be3 Bxe3 23. Nxe3 Rxe3 24. fxe3 Ng4 25. Rf1 Nxe3+ 26. Qxe3 Qxf1+ 27. Kxf1 Rxe3 28. bxc6 bxc6 29. Rxc6 Kf8 30. Rd6 Re6 31. Rxd5 Ra6 32. Rd4 Ke7 33. Kf2 Ke6 34. Kf3 g5 35. g4 Ke5 36. Re4+ Kd6 37. h3 Ra5 38. Rb4 h6 39. e3 Kc6 40. Ke4 Kc5 41. Rc4+ Kd6 42. Rd4+ Ke6 43. Rc4 Re5+ 44. Kf3 Kd6 45. Rc8 Ra5 46. Rc4 Re5 47. d4 Re8 48. Rc5 Rb8 49. Ra5 Rb7 50. Ra6+ 1-0

[Event "Curitiba CC 76 Anniversary"]
[Site "Curitiba"]
[Date "2014.01.31"]
[Round "2"]
[White "Chemin, Vitorio"]
[Black "Yanaguihara, Vitor Kioshi"]
[Result "1-0"]
[WhiteElo "2188"]
[BlackElo "1748"]
[PlyCount "73"]
[EventDate "2014.01.31"]
[EventType "swiss"]
[EventRounds "6"]
[EventCountry "BRA"]
[SourceTitle "CBM 158 Extra"]
[Source "ChessBase"]
[SourceDate "2014.02.28"]
[SourceVersion "1"]
[SourceVersionDate "2014.02.28"]
[SourceQuality "1"]

1. Nf3 Nf6 2. g3 g6 3. Bg2 Bg7 4. 0-0 0-0 5. c4 d6 6. Nc3 e5 7. d4 exd4 8. Nxd4 Nbd7 9. a3 Nb6 10. b3 a6 11. Ra2 Rb8 12. h3 h6 13. Be3 Qe7 14. Qd2 Kh7 15. a4 Re8 16. a5 Nbd7 17. Nd5 Nxd5 18. cxd5 Nc5 19. Qc2 Ne4 20. Rc1 Nxg3 21. Qxc7 Bxd4 22. Bxd4 Qxc7 23. Rxc7 Nxe2+ 24. Rxe2 Rxe2 25. Rxf7+ Kg8 26. Rg7+ Kf8 27. Rxg6 Ke7 28. Rg7+ Kf8 29. Rh7 Re1+ 30. Kh2 Ke8 31. Bf3 Kf8 32. Bh5 Re5 33. Bxe5 dxe5 34. Rh8+ Kg7 35. Rd8 Bg4 36. Rxb8 Bxh5 37. d6 1-0